000 00363nam a2200157Ia 4500
005 20250425160814.0
008 250425s9999 xx 000 0 und d
041 _aspa
082 _a620.72
245 0 _aANALISIS DE SISTEMAS:MODELOS DE TOMA DE DECIS
250 _aS.E.
260 _aS.L.
260 _aSin Pais
_bTRIL
_c1977
942 _c01
010 _a5660
999 _c196488
_d196488